Normal view MARC view

Entry Personal Name

Number of records used in: 1

001 - CONTROL NUMBER

  • control field: 9889

003 - CONTROL NUMBER IDENTIFIER

  • control field: DLC

005 - DATE AND TIME OF LATEST TRANSACTION

  • control field: 20231110131434.0

008 - FIXED-LENGTH DATA ELEMENTS

  • fixed length control field: 220321n| azannaabn |b aaa

010 ## - LIBRARY OF CONGRESS CONTROL NUMBER

  • LC control number: n 2022014695

040 ## - CATALOGING SOURCE

  • Original cataloging agency: DLC
  • Language of cataloging: eng
  • Transcribing agency: DLC
  • Description conventions: rda
  • Modifying agency: DLC

046 ## - SPECIAL CODED DATES

  • Birth date: 1919
  • Death date: 2014-04-04
  • Source of date scheme: edtf

100 1# - HEADING--PERSONAL NAME

  • Personal name: Quṭb, Muḥammad,
  • Dates associated with a name: 1919-2014

370 ## - ASSOCIATED PLACE

  • Place of birth: Egypt
  • Source of term: naf

374 ## - OCCUPATION

  • Occupation: Muslim scholars
  • Source of term: lcsh

400 1# - SEE FROM TRACING--PERSONAL NAME

  • Personal name: ‏قطب، محمد,
  • Dates associated with a name: 1919-2014

400 1# - SEE FROM TRACING--PERSONAL NAME

  • Personal name: Shādhilī, Muḥammad Quṭb Ibrāhīm Ḥusayn,
  • Dates associated with a name: 1919-2014

400 1# - SEE FROM TRACING--PERSONAL NAME

  • Personal name: شاذلي، محمد قطب إبراهيم حسين

400 1# - SEE FROM TRACING--PERSONAL NAME

  • Personal name: Ibrāhīm, Muḥammad Quṭb,
  • Dates associated with a name: 1919-2014

400 1# - SEE FROM TRACING--PERSONAL NAME

  • Personal name: إبراهيم، محمد قطب

670 ## - SOURCE DATA FOUND

  • Source citation: al-ʻAlmānīyūn wa-al-Islām, 1993 or 1994:
  • Information found: title page (محمد قطب = Muḥammad Quṭb)

670 ## - SOURCE DATA FOUND

  • Source citation: Arabic Wikipedia, 21 March 2022:
  • Information found: (محمد قطب إبراهيم حسين شاذلي = Muḥammad Quṭb Ibrāhīm Ḥusayn Shādhilī; Egyptian Muslim writer; b. 22 April 1919; d. 4 April 2014; author's works listed ; best known as the younger brother of the Egyptian Muslim thinker Sayyid Qutb. After his brother was executed by the Egyptian government, Muhammad moved to Saudi Arabia, where he promoted his brother's ideas.)

670 ## - SOURCE DATA FOUND

  • Source citation: Manhaj al-tarbiyah al-Islāmīyah, 1981:
  • Information found: v. 2, t.p. (Muḥammad Quṭb)

670 ## - SOURCE DATA FOUND

  • Source citation: Lā yaʼtūn bi-mithlih!, 2002:
  • Information found: t.p. (Muḥammad Quṭb)

670 ## - SOURCE DATA FOUND

  • Source citation: Hādhā huwa al-Islām!, 2008:
  • Information found: t.p. (Muḥammad Quṭb)

670 ## - SOURCE DATA FOUND

  • Source citation: al-Jihād al-Afghānī wa-dalālatuhu, 1989 :
  • Information found: title page (محمد قطب = Muḥammad Quṭb)

Powered by Koha